| 000 | 00420cam a2200169ua 4500 | ||
|---|---|---|---|
| 041 |
_amal _h |
||
| 082 |
_a894.812 308 _bSAR/BR |
||
| 100 | _aSaratchandra, Chattarji . | ||
| 245 |
_aBrahmanaputri / _cSaratchandra Chattarji. _hTextual Documents |
||
| 250 |
_a1 / _b. |
||
| 260 |
_aCalicut : _bP.K.Brothers , _c1958. |
||
| 300 | _a183 ; . | ||
| 504 | _a | ||
| 942 | _cBK | ||
| 999 |
_c3871 _d3871 |
||